000 01289cam a22004094i 4500
003 PE-LiUPU
005 20250731172807.0
008 150617s1984 miu rb 000 0 d
035 _a(Sirsi) a13418
040 _aPE-LiUPU
_bspa
_cPE-LiUPU
_dPE-LiUPU
_erda
049 _aPRUA
082 0 4 _a227.5
_bH498c
_223
100 1 _aHendriksen, Guillermo,
_eautor.
245 1 0 _aComentario del Nuevo Testamento :
_bexposición de Efesios /
_cGuillermo Hendriksen.
264 1 _aMichigan :
_bTELL,
_c1984.
300 _a319 páginas ;
_c23 centímetros
336 _atext
_2rdacontent
337 _aunmediated
_2rdamedia
338 _avolume
_2rdacarrier
504 _aIncluye bibliografía.
505 0 _aUn libro muy apropiado para nuestra época -- Comparación con Colosenses -- Paternidad literaria -- Destino y Propósito -- Tema y Bosquejo -- Comentarios sobre Efesios: según capítulos.
526 _aSEG42
526 _aSEG41
526 _aSEG40
526 _aSEG39
526 _aP94
526 _aP87
526 _aP86
526 _aP85
526 _aP77
526 _aP76
526 _aP35
630 _aBiblia
_pN.T.
_pEfesios
_xComentarios.
942 _2ddc
_cBK
_n0
999 _c3783
_d3783
980 _81
_gALBERTO SANCHEZ Responsable de Automatización